O controle externo das concessões de serviços públicos e das parcerias público-privadas / (Record no. 845)

MARC details
000 -LÍDER
Campo Fixo de Controle 00959nam a2200265 a 4500
001 - NÚMERO DE CONTROLE
Campo de Controle 845
003 - IDENTIFICAÇÃO DO NÚMERO DE CONTROLE
Campo de Controle BR-CuiBMT
005 - DATA E HORA DA ÚLTIMA ATUALIZAÇÃO
Campo de Controle 20231122210805.0
008 - DADOS FIXOS
Dados Fixos 231109s2005 mgb 001 0 por d
020 ## - INTERNATIONAL STANDARD BOOK NUMBER
Nº do ISBN 858914884X
040 ## - AGÊNCIA CATALOGADORA
Código da Agência Catalogadora BR-CuiBMT
Agência que transcreveu o registro BR-CuiBMT
080 ## - Nº DA CLASSIFICAÇÃO DECIMAL UNIVERSAL
Nº edição CDU 2007
Nº Class. CDU 35.078.6
090 ## - NÚMERO DE CHAMADA
Nº classificação 35.078.6
Cutter Z99c
100 1# - ENTRADA PRINCIPAL -- AUTOR PESSOAL
Nome pessoal Zymler, Benjamin,
Datas associadas ao nome 1956-
245 12 - TÍTULO PRINCIPAL
Título principal O controle externo das concessões de serviços públicos e das parcerias público-privadas /
Indicação de responsabilidade Benjamin Zymler, Guilherme Henrique de La Rocque Almeida.
260 ## - PUBLICAÇÃO, DISTRIBUIÇÃO, ETC.
Local de publicação Belo Horizonte :
Editora Fórum,
Data 2005.
300 ## - DESCRIÇÃO FÍSICA
N. páginas ou volumes 409 p. ;
Dimensões 21 cm
504 ## - NOTA DE BIBLIOGRAFIA, ETC.
Nota de bibliografia Inclui bibliografia e índice.
650 ## - ASSUNTO TÓPICO
Cabeçalho tópico ou nome geográfico Controle externo
Subdivisão geográfica Brasil
650 ## - ASSUNTO TÓPICO
Cabeçalho tópico ou nome geográfico Parceria público-privada (PPP)
Subdivisão de forma Legislação
Subdivisão geográfica Brasil
650 ## - ASSUNTO TÓPICO
Cabeçalho tópico ou nome geográfico Concessão de serviços públicos
Subdivisão geográfica Brasil
650 ## - ASSUNTO TÓPICO
Cabeçalho tópico ou nome geográfico Parceria público-privada (PPP)
Subdivisão geral Regulação
Subdivisão geográfica Brasil
700 1# - ENTRADA SECUNDÁRIA -- NOME PESSOAL
Nome pessoal Almeida, Guilherme Henrique de La Rocque
942 ## - ELEMENTOS DE ENTRADA ADICIONAIS (KOHA)
Fonte de classificação ou esquema de arquivamento Classificação Decimal Universal
Tipo de item do Koha Livros
Holdings
Estado: removido Estado: perdido Fonte de classificação ou esquema de arquivamento Estado: danificado Indisponível para empréstimo Localização permanente Localização atual Data de aquisição Total Checkouts Número de Chamada completo Código de barras Date last seen Número do exemplar Preço efetivo a partir de Tipo de item (Koha)
    Classificação Decimal Universal     Biblioteca da Escola Superior de Contas do TCE/MT Biblioteca da Escola Superior de Contas do TCE/MT 21/11/2023   35.078.6 Z99c BIBTCEMT23110785 21/11/2023 Ex. 1 21/11/2023 Livros
    Classificação Decimal Universal     Biblioteca da Escola Superior de Contas do TCE/MT Biblioteca da Escola Superior de Contas do TCE/MT 21/11/2023   35.078.6 Z99c BIBTCEMT23110786 21/11/2023 Ex. 2 21/11/2023 Livros

Powered by Koha